| 000 | 00411cam a2200169ua 4500 | ||
|---|---|---|---|
| 020 | _c21.00 | ||
| 041 |
_aeng _h |
||
| 082 |
_a930 _bGOO/HI |
||
| 100 | _aGooch, G P . | ||
| 245 |
_aHistory and historians in the nineteeth century / _cG P Gooch. _hTextual Documents |
||
| 260 |
_aLondon : _bLongman , _c1967. |
||
| 300 | _a ; . | ||
| 365 | _a21.00 | ||
| 504 | _a | ||
| 942 | _cBK | ||
| 999 |
_c6270 _d6270 |
||